000 00578nam a22001817a 4500
999 _c185325
_d185325
005 20220202103038.0
010 _aENG-131357
020 _a9789350095669
_c399.00
035 _aEN-114889
037 _bDBAD
082 _aS
100 _aKay, Adity
245 _aEmperor Harsha:
_bCan A Righteous King Win Against Foes Who Play Foul?/
_cAdity Kay
260 _aGurugram
_bHachette Book Publishing India Pvt. Ltd
_c2020
270 _bGurugram
_a4th & 5th Floors, Corporate Centre, Plot No. 94, Sector 44
_e122003
300 _aix, 353p.
_c20cm(pbk)
942 _2ddc
_cEN
_hS
_mKAY